[Event "Civil Service Ch 7th"]
[Site "Leeds"]
[Date "1997.??.??"]
[Round "1"]
[White "Ledger, Andrew J"]
[Black "Brusey, Alan W"]
[Result "1-0"]
[WhiteElo "2385"]
[BlackElo "1930"]
[PlyCount "59"]
[EventDate "1997.04.??"]
[EventType "swiss"]
[EventRounds "5"]
[EventCountry "ENG"]
[SourceTitle "BritBase"]
[Source "John Saunders"]
[SourceDate "2024.12.03"]
[SourceVersion "1"]
[SourceVersionDate "2024.12.03"]
[SourceQuality "1"]

1. e4 e6 2. Nc3 d5 3. Nf3 Nf6 4. e5 Ne4 5. Ne2 Bc5 6. d4 Be7 7. Ng3 c5 8. Bd3 Nxg3 9. hxg3 cxd4 10. Nxd4 Nc6 11. Nxc6 bxc6 12. Qg4 g6 13. Bh6 Qb6 14. Rb1 Ba6 15. Bxa6 Qxa6 16. Bg7 Qxa2 17. Qd1 Rg8 18. Rxh7 Rb8 19. b3 Bb4+ 20. Kf1 Bc3 21. Kg1 Rb4 22. Kh2 Qa5 23. Qf3 Rb7 24. b4 Bxb4 25. c3 c5 26. cxb4 cxb4 27. Bh6 Qc7 28. Rc1 Qd8 29. Bg5 f6 30. Rxb7 1-0

[Event "Civil Service Ch 7th"]
[Site "Leeds"]
[Date "1997.??.??"]
[Round "1"]
[White "Robson, Paul E"]
[Black "Ashby, Anthony C"]
[Result "1-0"]
[WhiteElo "1890"]
[BlackElo "2135"]
[PlyCount "61"]
[EventDate "1997.04.??"]
[EventType "swiss"]
[EventRounds "5"]
[EventCountry "ENG"]
[SourceTitle "BritBase"]
[Source "John Saunders"]
[SourceDate "2024.12.03"]
[SourceVersion "1"]
[SourceVersionDate "2024.12.03"]
[SourceQuality "1"]

1. e4 e5 2. Nf3 Nc6 3. d4 exd4 4. Bc4 Nf6 5. e5 d5 6. Bb5 Ne4 7. Nxd4 Bd7 8. Bxc6 bxc6 9. O-O Bc5 10. Be3 O-O 11. f3 Ng5 12. f4 Ne4 13. Nc3 Nxc3 14. bxc3 f6 15. exf6 Qxf6 16. Qd3 Rae8 17. Rf3 Re4 18. Raf1 Rfe8 19. Rg3 Bd6 20. Ne2 g6 21. Bd4 Qf7 22. Be5 Bf5 23. Qf3 Bc5+ 24. Nd4 Bxd4+ 25. cxd4 c5 26. h4 cxd4 27. h5 c5 28. hxg6 hxg6 29. Qh5 R4xe5 30. fxe5 Qh7 31. Qxf5 1-0

[Event "Civil Service Ch 7th"]
[Site "Leeds"]
[Date "1997.??.??"]
[Round "1"]
[White "Thurlow, Kevin J"]
[Black "Lyne, Colin J"]
[Result "1-0"]
[WhiteElo "2120"]
[BlackElo "1870"]
[PlyCount "109"]
[EventDate "1997.04.??"]
[EventType "swiss"]
[EventRounds "5"]
[EventCountry "ENG"]
[SourceTitle "BritBase"]
[Source "John Saunders"]
[SourceDate "2024.12.03"]
[SourceVersion "1"]
[SourceVersionDate "2024.12.03"]
[SourceQuality "1"]

1. c4 Nf6 2. Nc3 e6 3. e4 c5 4. e5 Ng8 5. d4 cxd4 6. Qxd4 Nc6 7. Qe4 d6 8. Nf3 dxe5 9. Nxe5 Nxe5 10. Qxe5 Nf6 11. Be2 Bd6 12. Qb5+ Qd7 13. Be3 Qxb5 14. Nxb5 Bb4+ 15. Kf1 O-O 16. Nc7 Bd7 17. Nxa8 Rxa8 18. Rd1 Bc6 19. f3 b6 20. Kf2 Kf8 21. Rd3 Ke8 22. Rhd1 Nd7 23. a3 Be7 24. b4 Ne5 25. R3d2 Ba4 26. Rc1 Rc8 27. f4 Nd7 28. Bd1 Bc6 29. Bf3 Ba4 30. Bd4 g6 31. Rd3 h6 32. Bg7 h5 33. Bd4 Bf8 34. g3 Be7 35. h3 f6 36. g4 h4 37. Be4 Kf7 38. f5 exf5 39. gxf5 g5 40. Bd5+ Kf8 41. Be6 Rc7 42. Kf3 Kg7 43. Re1 Bc6+ 44. Kf2 Bd6 45. Kg1 Ne5 46. Bxe5 Bxe5 47. Rd8 Bb2 48. Bd5 Ba4 49. Re2 Bd4+ 50. Kg2 Bb3 51. Ree8 Kh6 52. Rh8+ Rh7 53. Rhg8 Bc2 54. Rg6+ Kh5 55. Bf3+ 1-0

[Event "Civil Service Ch 7th"]
[Site "Leeds"]
[Date "1997.??.??"]
[Round "1"]
[White "Howarth, Ian S"]
[Black "Maxwell, Alistair"]
[Result "1/2-1/2"]
[WhiteElo "1850"]
[BlackElo "2070"]
[PlyCount "99"]
[EventDate "1997.04.??"]
[EventType "swiss"]
[EventRounds "5"]
[EventCountry "ENG"]
[SourceTitle "BritBase"]
[Source "John Saunders"]
[SourceDate "2024.12.03"]
[SourceVersion "1"]
[SourceVersionDate "2024.12.03"]
[SourceQuality "1"]

1. e4 e5 2. Nc3 Nf6 3. Bc4 Nc6 4. f4 Bc5 5. d3 d6 6. f5 Nd4 7. Bg5 c6 8. Na4 b5 9. Nxc5 bxc4 10. Na4 Qa5+ 11. Nc3 cxd3 12. cxd3 Rb8 13. Rb1 Ba6 14. Nge2 Nxe4 15. Nxd4 exd4 16. dxe4 dxc3 17. Qxd6 Qb4 18. Qe5+ Kf8 19. Be7+ Qxe7 20. Qxb8+ Qe8 21. Qxe8+ Kxe8 22. bxc3 Ke7 23. Kf2 Re8 24. Kf3 Kf6 25. Rhe1 Re7 26. Kf4 g5+ 27. fxg6 hxg6 28. e5+ Kg7 29. Rbd1 Bc4 30. Rd6 Rc7 31. a4 a5 32. Rb1 Bd5 33. g3 Rc8 34. Rb7 Re8 35. h4 Kg8 36. g4 Kg7 37. Rdd7 Be6 38. Rdc7 Rd8 39. Re7 Kf8 40. h5 gxh5 41. gxh5 Rd3 42. h6 Rxc3 43. h7 Rc4+ 44. Ke3 Rh4 45. Rec7 Rxh7 46. Rxc6 Rh3+ 47. Kf4 Rh4+ 48. Kg5 Rg4+ 49. Kh5 Rxa4 50. Rxe6 1/2-1/2

[Event "Civil Service Ch 7th"]
[Site "Leeds"]
[Date "1997.??.??"]
[Round "1"]
[White "Wolstencroft, Darryl"]
[Black "Archer, Richard P"]
[Result "1/2-1/2"]
[WhiteElo "2065"]
[BlackElo "1825"]
[PlyCount "28"]
[EventDate "1997.04.??"]
[EventType "swiss"]
[EventRounds "5"]
[EventCountry "ENG"]
[SourceTitle "BritBase"]
[Source "John Saunders"]
[SourceDate "2024.12.03"]
[SourceVersion "1"]
[SourceVersionDate "2024.12.03"]
[SourceQuality "1"]

1. c4 Nf6 2. g3 g6 3. Bg2 Bg7 4. e4 d6 5. Ne2 c5 6. Nbc3 Nc6 7. d3 O-O 8. O-O e5 9. h3 Be6 10. Nd5 Bxd5 11. cxd5 Nd4 12. f4 Nxe2+ 13. Qxe2 Nh5 14. Kh2 exf4 1/2-1/2

[Event "Civil Service Ch 7th"]
[Site "Leeds"]
[Date "1997.??.??"]
[Round "1"]
[White "Wedlock, Stephen L"]
[Black "Charter, Mark R"]
[Result "1/2-1/2"]
[WhiteElo "1790"]
[BlackElo "2040"]
[PlyCount "67"]
[EventDate "1997.04.??"]
[EventType "swiss"]
[EventRounds "5"]
[EventCountry "ENG"]
[SourceTitle "BritBase"]
[Source "John Saunders"]
[SourceDate "2024.12.03"]
[SourceVersion "1"]
[SourceVersionDate "2024.12.03"]
[SourceQuality "1"]

1. e4 e6 2. d4 d5 3. Nc3 Bb4 4. e5 c5 5. a3 Bxc3+ 6. bxc3 Qc7 7. Qg4 f6 8. Nf3 Nc6 9. Bb5 Kf8 10. Bxc6 Qxc6 11. Bd2 Qa4 12. O-O Qxc2 13. dxc5 Ne7 14. exf6 gxf6 15. Bh6+ Ke8 16. Qh5+ Qg6 17. Qxg6+ Nxg6 18. Bg7 Rg8 19. Bxf6 Bd7 20. Ne5 Nf4 21. g3 Bb5 22. Rfb1 Ne2+ 23. Kg2 Nxc3 24. Rb3 d4 25. Nf3 Bc6 26. Bxd4 Ne4 27. Kg1 Rf8 28. Ne5 Bd5 29. Rb2 Rc8 30. Rc1 Ng5 31. f4 Nf3+ 32. Nxf3 Bxf3 33. Kf2 Bd5 34. Be5 1/2-1/2

[Event "Civil Service Ch 7th"]
[Site "Leeds"]
[Date "1997.??.??"]
[Round "1"]
[White "Bowering, Charles"]
[Black "Keech, Paul"]
[Result "1-0"]
[WhiteElo "1970"]
[BlackElo "1790"]
[PlyCount "66"]
[EventDate "1997.04.??"]
[EventType "swiss"]
[EventRounds "5"]
[EventCountry "ENG"]
[SourceTitle "BritBase"]
[Source "John Saunders"]
[SourceDate "2024.12.03"]
[SourceVersion "1"]
[SourceVersionDate "2024.12.03"]
[SourceQuality "1"]

1. d4 g6 2. e4 Bg7 3. Nc3 c6 4. Bc4 d6 5. Qf3 e6 6. Nge2 Nd7 7. Bb3 Qe7 8. Be3 Ngf6 9. a4 e5 10. O-O Nh5 11. Rad1 O-O 12. h3 exd4 13. Nxd4 Ne5 14. Qe2 Rd8 15. Rd2 Qf6 16. Kh2 Qh4 17. Nf3 Nxf3+ 18. Qxf3 Be5+ 19. Kg1 Be6 20. Rfd1 c5 21. Nb5 c4 22. Ba2 Qe7 23. c3 a6 24. Na3 Rac8 25. Bb6 Rd7 26. a5 Nf6 27. Bb1 d5 28. exd5 Bxd5 29. Qe3 Bc6 30. Nxc4 Bf4 31. Qxf4 Rxd2 32. Qxd2 Bxg2 33. Kxg2 Rxc4 {time} 1-0

[Event "Civil Service Ch 7th"]
[Site "Leeds"]
[Date "1997.??.??"]
[Round "1"]
[White "Carr, J"]
[Black "Pheby, Ian M"]
[Result "1-0"]
[WhiteElo "1730"]
[BlackElo "1950"]
[PlyCount "201"]
[EventDate "1997.04.??"]
[EventType "swiss"]
[EventRounds "5"]
[EventCountry "ENG"]
[SourceTitle "BritBase"]
[Source "John Saunders"]
[SourceDate "2024.12.03"]
[SourceVersion "1"]
[SourceVersionDate "2024.12.03"]
[SourceQuality "1"]

1. b3 e5 2. Bb2 Nc6 3. e4 Nf6 4. d3 d6 5. Be2 g6 6. Nf3 Bg7 7. O-O O-O 8. Nbd2 Ne8 9. Nc4 f5 10. exf5 gxf5 11. Ne1 f4 12. Nd2 Nf6 13. Ne4 Bf5 14. Nxf6+ Bxf6 15. Bg4 Qd7 16. Bxf5 Qxf5 17. Qf3 Qe6 18. Rb1 Rae8 19. c4 Nd8 20. Nc2 c5 21. Rfe1 Qd7 22. Qd5+ Kh8 23. Re2 Qc6 24. Qxc6 Nxc6 25. f3 Kg8 26. Bc3 Kf7 27. b4 b6 28. b5 Nd8 29. Rb3 Ne6 30. Ra3 Re7 31. Ra6 Rd8 32. Kf2 Ng7 33. a4 Rb7 34. a5 Rdd7 35. Na1 Ne6 36. axb6 axb6 37. Nb3 Nc7 38. Ra1 e4 39. Bxf6 exd3 40. Re4 Kxf6 41. Rxf4+ Kg5 42. Rg4+ Kf5 43. Rd1 d5 44. Rxd3 d4 45. Re4 h5 46. Rd2 Ne6 47. Rde2 Nf4 48. Rd2 Ng6 49. Nc1 Ne5 50. Nd3 Nxc4 51. Rf4+ Kg5 52. h4+ Kh6 53. Re2 Re7 54. Rfe4 Rxe4 55. Rxe4 Na3 56. Re6+ Kg7 57. Nf4 Kf7 58. Rh6 Kg7 59. Rxh5 Nxb5 60. Rg5+ Kh7 61. g4 Nc3 62. Re5 c4 63. g5 d3 64. Ke3 Rf7 65. g6+ Kg7 66. gxf7 Kxf7 67. Kd2 Nb1+ 68. Kd1 Nc3+ 69. Kc1 b5 70. Nxd3 cxd3 71. Kd2 Ne2 72. Rxb5 Ng1 73. Kxd3 Kg6 74. Ke3 Nh3 75. f4 Ng1 76. f5+ Kf6 77. Kf4 Ne2+ 78. Ke3 Ng3 79. Kf4 Nh5+ 80. Kg4 Ng7 81. Rb6+ Kf7 82. Kg5 Ne8 83. Rb7+ Kf8 84. Rb8 Kf7 85. Rxe8 Kxe8 86. Kg6 Kf8 87. h5 Kg8 88. f6 Kf8 89. Kf5 Kf7 90. h6 Kg8 91. Ke6 Kh7 92. f7 Kxh6 93. f8=Q+ Kg5 94. Qf6+ Kg4 95. Qf5+ Kg3 96. Ke5 Kg2 97. Qf4 Kg1 98. Qd2 Kf1 99. Ke4 Kg1 100. Kf3 Kf1 101. Qf2# 1-0

[Event "Civil Service Ch 7th"]
[Site "Leeds"]
[Date "1997.??.??"]
[Round "1"]
[White "Lewyk, Ihor"]
[Black "Parkes, Jack C"]
[Result "1/2-1/2"]
[WhiteElo "1945"]
[BlackElo "1720"]
[PlyCount "112"]
[EventDate "1997.04.??"]
[EventType "swiss"]
[EventRounds "5"]
[EventCountry "ENG"]
[SourceTitle "BritBase"]
[Source "John Saunders"]
[SourceDate "2024.12.03"]
[SourceVersion "1"]
[SourceVersionDate "2024.12.03"]
[SourceQuality "1"]

1. e4 e6 2. d4 d5 3. exd5 exd5 4. Bd3 Bd6 5. Nc3 c6 6. Nf3 Bg4 7. O-O Nd7 8. Re1+ Ne7 9. h3 Bh5 10. Bd2 h6 11. g4 Bg6 12. Bxg6 fxg6 13. Nh4 O-O 14. Qe2 Rf7 15. Qd3 Nf8 16. Re2 Qd7 17. Rae1 g5 18. Nf3 Neg6 19. Ne5 Bxe5 20. dxe5 Qe6 21. b4 b5 22. a4 a6 23. Ra1 Re8 24. axb5 axb5 25. Ra6 Qc8 26. e6 Rxe6 27. Rxe6 Qxe6 28. Nxb5 Ne5 29. Nd4 Nxd3 30. Nxe6 Nxe6 31. cxd3 Nf4 32. Bxf4 Rxf4 33. Rb6 Rd4 34. Rxc6 Rxb4 35. Kf1 Rb1+ 36. Ke2 Rb2+ 37. Ke3 Kf7 38. Rd6 Rb5 39. Kd4 Rb2 40. f3 Rh2 41. Rxd5 Rxh3 42. Ke4 Ke6 43. d4 Rh1 44. Re5+ Kf6 45. Kd5 g6 46. Kd6 h5 47. Re6+ Kf7 48. Re7+ Kf6 49. Re6+ Kf7 50. gxh5 gxh5 51. d5 g4 52. fxg4 hxg4 53. Re4 g3 54. Rg4 Rh6+ 55. Kd7 Rg6 56. Rf4+ Rf6 1/2-1/2

[Event "Civil Service Ch 7th"]
[Site "Leeds"]
[Date "1997.??.??"]
[Round "2"]
[White "Pendlebury, Ian G"]
[Black "Ledger, Andrew J"]
[Result "0-1"]
[WhiteElo "1935"]
[BlackElo "2385"]
[PlyCount "80"]
[EventDate "1997.04.??"]
[EventType "swiss"]
[EventRounds "5"]
[EventCountry "ENG"]
[SourceTitle "BritBase"]
[Source "John Saunders"]
[SourceDate "2024.12.03"]
[SourceVersion "1"]
[SourceVersionDate "2024.12.03"]
[SourceQuality "1"]

1. Nf3 d5 2. d4 c6 3. c3 Bg4 4. Bf4 e6 5. e3 Bd6 6. Bxd6 Qxd6 7. Be2 Nd7 8. Nbd2 Ne7 9. O-O O-O 10. Re1 c5 11. Rc1 Nc6 12. Nh4 Bxe2 13. Qxe2 cxd4 14. exd4 Rfc8 15. Nhf3 Rc7 16. Ne5 Rac8 17. Nxd7 Qxd7 18. Nf3 Na5 19. Ne5 Qa4 20. h4 Nc6 21. Nxc6 Rxc6 22. h5 h6 23. a3 Rb6 24. Rcd1 Qb5 25. Qe5 Qxb2 26. Rd3 Qxa3 27. Rg3 Qf8 28. Qf4 Kh8 29. Ree3 Rbc6 30. Ref3 f6 31. Qd2 a5 32. Rg6 R8c7 33. Rg4 Rf7 34. Qa2 Ra6 35. Qa4 Qe7 36. Rfg3 Qd7 37. Qc2 a4 38. f4 a3 39. Qa2 Qc7 40. Rf3 Qc4 0-1

[Event "Civil Service Ch 7th"]
[Site "Leeds"]
[Date "1997.??.??"]
[Round "2"]
[White "Robson, Paul E"]
[Black "Thurlow, Kevin J"]
[Result "1/2-1/2"]
[WhiteElo "1890"]
[BlackElo "2120"]
[PlyCount "27"]
[EventDate "1997.04.??"]
[EventType "swiss"]
[EventRounds "5"]
[EventCountry "ENG"]
[SourceTitle "BritBase"]
[Source "John Saunders"]
[SourceDate "2024.12.03"]
[SourceVersion "1"]
[SourceVersionDate "2024.12.03"]
[SourceQuality "1"]

1. e4 Nc6 2. d4 d5 3. e5 Bf5 4. Bb5 e6 5. Nf3 Qd7 6. c3 a6 7. Bd3 Nge7 8. O-O Bg4 9. Nbd2 Ng6 10. h3 Bh5 11. Nb3 Nh4 12. Be2 Nxf3+ 13. Bxf3 Bg6 14. Re1 1/2-1/2

[Event "Civil Service Ch 7th"]
[Site "Leeds"]
[Date "1997.??.??"]
[Round "2"]
[White "Carr, J"]
[Black "Bowering, Charles"]
[Result "1/2-1/2"]
[WhiteElo "1730"]
[BlackElo "1970"]
[PlyCount "60"]
[EventDate "1997.04.??"]
[EventType "swiss"]
[EventRounds "5"]
[EventCountry "ENG"]
[SourceTitle "BritBase"]
[Source "John Saunders"]
[SourceDate "2024.12.03"]
[SourceVersion "1"]
[SourceVersionDate "2024.12.03"]
[SourceQuality "1"]

1. b3 e5 2. Bb2 Nc6 3. e4 Bc5 4. d3 d6 5. Nf3 Nf6 6. Be2 O-O 7. O-O Re8 8. Nc3 a6 9. Bc1 h6 10. Be3 Bb4 11. Bd2 Be6 12. Na4 Bxd2 13. Qxd2 d5 14. Nc3 Qd6 15. exd5 Bxd5 16. Nh4 Qb4 17. Nf3 Nd4 18. Rfe1 Bxf3 19. Bxf3 Nxf3+ 20. gxf3 Nd5 21. Ne4 Qxd2 22. Nxd2 Nb4 23. Re4 Nd5 24. Rae1 Nc3 25. Rc4 Nd5 26. Rce4 f6 27. d4 Nc3 28. R4e3 Nd5 29. Re4 Nc3 30. R4e3 Nd5 1/2-1/2

[Event "Civil Service Ch 7th"]
[Site "Leeds"]
[Date "1997.??.??"]
[Round "2"]
[White "Maxwell, Alistair"]
[Black "Wedlock, Stephen L"]
[Result "1/2-1/2"]
[WhiteElo "2070"]
[BlackElo "1790"]
[PlyCount "31"]
[EventDate "1997.04.??"]
[EventType "swiss"]
[EventRounds "5"]
[EventCountry "ENG"]
[SourceTitle "BritBase"]
[Source "John Saunders"]
[SourceDate "2024.12.03"]
[SourceVersion "1"]
[SourceVersionDate "2024.12.03"]
[SourceQuality "1"]

1. e4 e5 2. Nf3 Nc6 3. c3 Nf6 4. d4 exd4 5. e5 Nd5 6. Bb5 Be7 7. O-O O-O 8. cxd4 d6 9. h3 Bf5 10. Nc3 Nb6 11. Qe2 a6 12. Bxc6 bxc6 13. Rd1 Re8 14. Bf4 d5 15. Rac1 c5 16. b3 1/2-1/2

[Event "Civil Service Ch 7th"]
[Site "Leeds"]
[Date "1997.??.??"]
[Round "2"]
[White "Parkes, Jack C"]
[Black "Wolstencroft, Darryl"]
[Result "1-0"]
[WhiteElo "1720"]
[BlackElo "2065"]
[PlyCount "65"]
[EventDate "1997.04.??"]
[EventType "swiss"]
[EventRounds "5"]
[EventCountry "ENG"]
[SourceTitle "BritBase"]
[Source "John Saunders"]
[SourceDate "2024.12.03"]
[SourceVersion "1"]
[SourceVersionDate "2024.12.03"]
[SourceQuality "1"]

1. e4 e6 2. d4 d5 3. exd5 exd5 4. Bd3 Bd6 5. Ne2 Bg4 6. h3 Bh5 7. O-O Ne7 8. c3 Nd7 9. Qc2 Bg6 10. Bf4 Nf6 11. Nd2 Bxf4 12. Nxf4 Qd6 13. Ne2 O-O-O 14. Ng3 Qf4 15. Rfe1 Rde8 16. Re3 h5 17. Rae1 h4 18. Rf3 Qd6 19. Nf5 Nxf5 20. Bxf5+ Kb8 21. Rfe3 Rxe3 22. Rxe3 Bxf5 23. Qxf5 a6 24. Qg5 Nh5 25. Qe7 Qf4 26. Qe5 f5 27. Qxd5 Qg5 28. Nf3 Qg6 29. Ne5 Qh7 30. Nd7+ Ka8 31. Nc5 Rb8 32. Re8 c6 33. Qd7 1-0

[Event "Civil Service Ch 7th"]
[Site "Leeds"]
[Date "1997.??.??"]
[Round "2"]
[White "Charter, Mark R"]
[Black "Howarth, Ian S"]
[Result "1-0"]
[WhiteElo "2040"]
[BlackElo "1850"]
[PlyCount "78"]
[EventDate "1997.04.??"]
[EventType "swiss"]
[EventRounds "5"]
[EventCountry "ENG"]
[SourceTitle "BritBase"]
[Source "John Saunders"]
[SourceDate "2024.12.03"]
[SourceVersion "1"]
[SourceVersionDate "2024.12.03"]
[SourceQuality "1"]

1. e4 c5 2. d3 d6 3. g3 g6 4. Bd2 Bg7 5. Bc3 Bxc3+ 6. Nxc3 Nc6 7. Bg2 e5 8. Nd5 Nf6 9. Ne3 Be6 10. Ne2 Qa5+ 11. c3 b5 12. O-O O-O 13. d4 cxd4 14. cxd4 Bc4 15. dxe5 Bxe2 16. Qxd6 Bxf1 17. exf6 b4 18. Bxf1 Nd8 19. Nd5 Ne6 20. Bh3 Rad8 21. Qe5 Qa6 22. Bxe6 Qxe6 23. Qg5 Qh3 24. Nf4 h6 25. Qe5 Qg4 26. Nd5 Rfe8 27. Ne7+ Kh7 28. Kg2 Rd3 29. Qf4 Qe2 30. Rc1 Rd4 31. Nf5 g5 32. Nxd4 gxf4 33. Nxe2 Rxe4 34. Nxf4 Rd4 35. Rc7 Kg8 36. Rxa7 Rd2 37. b3 Rd6 38. Rb7 Rd4 39. Rb8+ Kh7 1-0

[Event "Civil Service Ch 7th"]
[Site "Leeds"]
[Date "1997.??.??"]
[Round "2"]
[White "Ashby, Anthony C"]
[Black "Lyne, Colin J"]
[Result "1-0"]
[WhiteElo "2135"]
[BlackElo "1870"]
[PlyCount "55"]
[EventDate "1997.04.??"]
[EventType "swiss"]
[EventRounds "5"]
[EventCountry "ENG"]
[SourceTitle "BritBase"]
[Source "John Saunders"]
[SourceDate "2024.12.03"]
[SourceVersion "1"]
[SourceVersionDate "2024.12.03"]
[SourceQuality "1"]

1. e4 e5 2. Nf3 Nc6 3. d4 exd4 4. Nxd4 Nf6 5. Nxc6 bxc6 6. e5 Qe7 7. Qe2 Nd5 8. c4 Ba6 9. b3 Qh4 10. Bb2 Bb4+ 11. Kd1 Nf4 12. Qe3 Ne6 13. g3 Qd8 14. Bg2 Bc5 15. Qd2 Rb8 16. Ke2 O-O 17. Rd1 d5 18. exd6 cxd6 19. Bxc6 Qb6 20. Bd5 Bxf2 21. Kf1 Bc5 22. Nc3 Qd8 23. Ne4 Qe7 24. Kg2 Bb4 25. Qe2 Bb7 26. Rf1 Bxd5 27. cxd5 Nc5 28. Nf6+ 1-0

[Event "Civil Service Ch 7th"]
[Site "Leeds"]
[Date "1997.??.??"]
[Round "2"]
[White "Archer, Richard P"]
[Black "Lewyk, Ihor"]
[Result "1/2-1/2"]
[WhiteElo "1825"]
[BlackElo "1945"]
[PlyCount "29"]
[EventDate "1997.04.??"]
[EventType "swiss"]
[EventRounds "5"]
[EventCountry "ENG"]
[SourceTitle "BritBase"]
[Source "John Saunders"]
[SourceDate "2024.12.03"]
[SourceVersion "1"]
[SourceVersionDate "2024.12.03"]
[SourceQuality "1"]

1. e4 d5 2. exd5 Nf6 3. Nc3 Nxd5 4. Nxd5 Qxd5 5. Qf3 Qe5+ 6. Qe3 Qxe3+ 7. dxe3 Bf5 8. c3 Nd7 9. Ne2 e5 10. Ng3 Bg6 11. Be2 Be7 12. O-O O-O 13. e4 Bc5 14. Kh1 Nf6 15. f3 1/2-1/2

[Event "Civil Service Ch 7th"]
[Site "Leeds"]
[Date "1997.??.??"]
[Round "2"]
[White "Pheby, Ian M"]
[Black "Keech, Paul"]
[Result "1-0"]
[WhiteElo "1950"]
[BlackElo "1790"]
[PlyCount "67"]
[EventDate "1997.04.??"]
[EventType "swiss"]
[EventRounds "5"]
[EventCountry "ENG"]
[SourceTitle "BritBase"]
[Source "John Saunders"]
[SourceDate "2024.12.03"]
[SourceVersion "1"]
[SourceVersionDate "2024.12.03"]
[SourceQuality "1"]

1. d4 g6 2. c4 Bg7 3. Nc3 d6 4. e4 Nf6 5. Nf3 O-O 6. Be2 Nbd7 7. Qc2 b6 8. Bd2 Bb7 9. O-O Re8 10. a3 c5 11. d5 e6 12. Rfe1 a6 13. Bf1 e5 14. b4 Rb8 15. Rab1 Rf8 16. Rb3 cxb4 17. axb4 a5 18. Nb5 Ne8 19. bxa5 bxa5 20. Ra3 Qc8 21. Bxa5 Bxd5 22. Rc3 Be6 23. Bb4 Nc5 24. Rd1 Nxe4 25. Qxe4 Bf5 26. Qe3 e4 27. Nfd4 Bg4 28. Ra1 f5 29. Rca3 Be5 30. Ra7 f4 31. Qxe4 Nf6 32. Qd3 Bf5 33. Nxf5 Bxa1 34. Ne7+ 1-0

[Event "Civil Service Ch 7th"]
[Site "Leeds"]
[Date "1997.??.??"]
[Round "3"]
[White "Ledger, Andrew J"]
[Black "Charter, Mark R"]
[Result "1-0"]
[WhiteElo "2385"]
[BlackElo "2040"]
[PlyCount "89"]
[EventDate "1997.04.??"]
[EventType "swiss"]
[EventRounds "5"]
[EventCountry "ENG"]
[SourceTitle "BritBase"]
[Source "John Saunders"]
[SourceDate "2024.12.03"]
[SourceVersion "1"]
[SourceVersionDate "2024.12.03"]
[SourceQuality "1"]

1. e4 e6 2. Nc3 d5 3. Nf3 Nf6 4. e5 Ne4 5. Ne2 f6 6. d3 Nc5 7. exf6 Qxf6 8. Ng3 Nc6 9. d4 Nd7 10. Bg5 Qf7 11. Bd3 Nb4 12. O-O Nxd3 13. Qxd3 Be7 14. Rae1 O-O 15. Bxe7 Qxe7 16. Re2 Re8 17. Rfe1 Nf8 18. Ne5 Bd7 19. Re3 Red8 20. Ne2 Be8 21. Nf4 Rd6 22. Qe2 Qg5 23. g3 Qf5 24. Rf3 Qg5 25. Re3 Qf5 26. b3 Rad8 27. a4 b6 28. Rc3 c6 29. Rf3 Qg5 30. Re3 Qf5 31. h4 c5 32. Rf3 Qe4 33. Qxe4 dxe4 34. dxc5 Rd2 35. Rc3 Rc8 36. Rxe4 Rd1+ 37. Kg2 Bc6 38. Nxc6 Rxc6 39. Rec4 e5 40. Nd3 bxc5 41. Nxe5 Re6 42. Rxc5 h6 43. h5 Rd8 44. Re3 Rde8 45. Nc4 1-0

[Event "Civil Service Ch 7th"]
[Site "Leeds"]
[Date "1997.??.??"]
[Round "3"]
[White "Thurlow, Kevin J"]
[Black "Carr, J"]
[Result "1-0"]
[WhiteElo "2120"]
[BlackElo "1730"]
[PlyCount "33"]
[EventDate "1997.04.??"]
[EventType "swiss"]
[EventRounds "5"]
[EventCountry "ENG"]
[SourceTitle "BritBase"]
[Source "John Saunders"]
[SourceDate "2024.12.03"]
[SourceVersion "1"]
[SourceVersionDate "2024.12.03"]
[SourceQuality "1"]

1. e4 e5 2. Nf3 Nf6 3. d4 Nxe4 4. Bd3 d5 5. dxe5 Be7 6. O-O O-O 7. c4 f5 8. cxd5 Qxd5 9. Qc2 Qc6 10. Nbd2 Qxc2 11. Bxc2 Nxd2 12. Bxd2 Nc6 13. Bb3+ Kh8 14. Rad1 Nd8 15. Bg5 Bxg5 16. Nxg5 h6 17. Rxd8 1-0

[Event "Civil Service Ch 7th"]
[Site "Leeds"]
[Date "1997.??.??"]
[Round "3"]
[White "Bowering, Charles"]
[Black "Parkes, Jack C"]
[Result "1-0"]
[WhiteElo "1970"]
[BlackElo "1720"]
[PlyCount "91"]
[EventDate "1997.04.??"]
[EventType "swiss"]
[EventRounds "5"]
[EventCountry "ENG"]
[SourceTitle "BritBase"]
[Source "John Saunders"]
[SourceDate "2024.12.03"]
[SourceVersion "1"]
[SourceVersionDate "2024.12.03"]
[SourceQuality "1"]

1. d4 Nf6 2. c4 g6 3. Nc3 Bg7 4. e4 d6 5. Nf3 O-O 6. Be2 c6 7. h3 e5 8. d5 c5 9. g4 Na6 10. Be3 Nc7 11. Nd2 Bd7 12. h4 a6 13. h5 b5 14. g5 Nfe8 15. hxg6 fxg6 16. b3 Rb8 17. Bd3 Rf7 18. Be2 Bf8 19. Nf1 Be7 20. Qd2 Qc8 21. Nh2 Ng7 22. O-O-O bxc4 23. bxc4 a5 24. Rdg1 Qb7 25. Ng4 Bxg4 26. Bxg4 Qb4 27. Kc2 Qb2+ 28. Kd3 Na6 29. Rb1 Qxd2+ 30. Kxd2 Rff8 31. Rb5 Rxb5 32. cxb5 Nc7 33. Rb1 Bxg5 34. Bxg5 Rxf2+ 35. Ke3 Rg2 36. Kf3 Rc2 37. Rc1 Rxc1 38. Bxc1 h5 39. Bd7 Kf7 40. b6 Na6 41. Bg5 Ne8 42. Nb5 Nb8 43. Be6+ Kg7 44. Be7 Kh6 45. Nxd6 Nxd6 46. Bxd6 1-0

[Event "Civil Service Ch 7th"]
[Site "Leeds"]
[Date "1997.??.??"]
[Round "3"]
[White "Lewyk, Ihor"]
[Black "Robson, Paul E"]
[Result "1/2-1/2"]
[WhiteElo "1945"]
[BlackElo "1890"]
[PlyCount "34"]
[EventDate "1997.04.??"]
[EventType "swiss"]
[EventRounds "5"]
[EventCountry "ENG"]
[SourceTitle "BritBase"]
[Source "John Saunders"]
[SourceDate "2024.12.03"]
[SourceVersion "1"]
[SourceVersionDate "2024.12.03"]
[SourceQuality "1"]

1. e4 g6 2. d4 c5 3. Nf3 cxd4 4. Nxd4 Bg7 5. Be3 Nc6 6. c3 Nf6 7. Bd3 O-O 8. O-O d5 9. exd5 Nxd5 10. Nxc6 bxc6 11. Bc5 Re8 12. Re1 Qc7 13. Qc2 {(=)} Rb8 14. Nd2 Be6 15. Nf3 Qa5 16. Bd4 Nf6 17. b4 Qd8 1/2-1/2